El jardín de las naciones / (Record no. 27514)

MARC details
000 -LEADER
campo de control de longitud fija 00526nam a2200193 i 4500
001 - NÚMERO DE CONTROL
campo de control 27514
003 - IDENTIFICADOR DE NÚMERO DE CONTROL
campo de control ES-MaACL
007 - CAMPO FIJO DE DESCRIPCIÓN FÍSICA--INFORMACIÓN GENERAL
campo de control de longitud fija t|
008 - DATOS DE LONGITUD FIJA--INFORMACIÓN GENERAL
campo de control de longitud fija 030114s1981 sp ||||1| spa d
100 1# - ENTRADA PRINCIPAL--NOMBRE DE PERSONA
Nombre de persona Ayerra, Ramón.
9 (RLIN) 24149
245 13 - MENCIÓN DEL TÍTULO
Título El jardín de las naciones /
Mención de responsabilidad, etc. Ramón Ayerra.
250 ## - MENCION DE EDICION
Mención de edición 1ª ed.
260 ## - PUBLICACIÓN, DISTRIBUCIÓN, ETC.
Lugar de publicación, distribución, etc. Madrid :
Nombre del editor, distribuidor, etc. Debate,
Fecha de publicación, distribución, etc. [1981]
300 ## - DESCRIPCIÓN FÍSICA
Extensión 260 p. ;
Dimensiones 18 cm.
490 1# - MENCIÓN DE SERIE
Mención de serie Debate literatura ;
Designación de volumen o secuencia 8
830 0# - PUNTO DE ACCESO ADICIONAL DE SERIE-TÍTULO UNIFORME
Título uniforme Debate literatura ;
Designación de volumen o secuencia 8
9 (RLIN) 181756
852 ## - LOCALIZACIÓN
Ubicación ES-MaACL
Número de control de estantería L-7949
Sublocalización o colección R.106950
Holdings
Estatus retirado Estado de pérdida Estado de daño No para préstamo Biblioteca de origen Biblioteca actual Ubicación en estantería Fecha de adquisición Fuente de adquisición Total de préstamos Signatura topográfica completa Código de barras Visto por última vez Precio de reemplazo Tipo de ítem Koha
        Biblioteca del Ateneo de Madrid Biblioteca del Ateneo de Madrid Depósito 2 17/01/2008     L-7949 1028412 23/02/2023 23/02/2023 Libro impreso